000
00189 a2200097 4500
001
22819
100
_a
Clark, J
245
_a
Hunza
260
_a
_b
Hutchinson
_c
1957
090
_c
15432
_d
15432
942
_a
NUST-CAE
_c
M
_c
6039
999
_c
257892
_d
257892